000
00445nam a2200181Ia 4500
008
100917s9999 xx 000 0 und d
082
_b
5270
100
_a
केळकर वा. बा.
245
_a
त्राटिका
260
_b
---
_c
1956
300
_a
125
365
_b
0
520
_a
नाटक
630
_a
त्राटिका
650
_a
नाटक
730
_a
त्राटिका
942
_c
BOOK
999
_c
610664
_d
610661